Top 5 comuni più popolosi per provincia - Friuli-Venezia Giulia - Statistics

Statistiche generali
  • Questo quiz è stato fatto 71 volte
  • Il punteggio medio è 12 su 20
Statistiche sulle risposte
Provincia Comune N° abitanti % Corretto
Gorizia Gorizia 33.728
98%
Trieste Trieste 199.400
98%
Pordenone Pordenone 52.344
95%
Udine Udine 98.430
95%
Monfalcone 30.103
88%
Muggia 12.839
74%
Sacile 20.047
74%
Codroipo 15.906
64%
Cordenons 17.829
62%
Grado 7.581
60%
Duino Aurisina 8.208
55%
San Vito al Tagliamento 15.231
50%
Ronchi dei Legionari 11.841
43%
Azzano Decimo 15.750
40%
Cervignano del Friuli 13.666
40%
Latisana 13.196
38%
San Dorligo della Valle 5.682
38%
Tavagnacco 14.629
33%
Sgonico 1.983
31%
Staranzano 7.139
19%
Nessun quiz corrispondente trovato
Distribuzione punteggi
Percentuale di utenti per punteggio
Percentile per numero di risposta
I tuoi punteggi nel tempo
Non hai fatto questo quiz